000 00514nam a2200181Ia 4500
001 18099
005 20260306171605.0
008 260306s9999||||xx |||||||||||||| ||und||
041 _aESP
082 _a658.4012
_bB84
100 _aBrojt, David
_eAUT
245 0 _aProject management:
_bun enfoque de liderazgo y ejecución de proyectos en la empresa para aplicar el lunes por la mañana
260 _c2014
300 _a174 páginas :
_c22 cm.
650 _aGEN
654 _aCAN
942 _cLIB
_dJUS
_fJUS
_2ddc
_n
999 _c18099
_d18099